<?xml version="1.0" encoding="UTF-8"?>
<marc:record xmlns:marc="http://www.loc.gov/MARC21/slim">
   <marc:leader>00000nam a2200000 a 4500</marc:leader>
   <marc:datafield ind1="1" ind2=" " tag="100">
      <marc:subfield code="a">Hornby, Nick</marc:subfield>
      <marc:subfield code="4">aut</marc:subfield>
      <marc:subfield code="e">Verfasser/-in</marc:subfield>
   </marc:datafield>
   <marc:datafield ind1=" " ind2=" " tag="653">
      <marc:subfield code="a">Romanhafte Biographien</marc:subfield>
   </marc:datafield>
   <marc:datafield ind1=" " ind2=" " tag="653">
      <marc:subfield code="a">Fußball</marc:subfield>
   </marc:datafield>
   <marc:datafield ind1=" " ind2=" " tag="653">
      <marc:subfield code="a">in einfacher Sprache</marc:subfield>
   </marc:datafield>
   <marc:datafield ind1=" " ind2=" " tag="653">
      <marc:subfield code="a">Fan</marc:subfield>
   </marc:datafield>
   <marc:datafield ind1=" " ind2=" " tag="653">
      <marc:subfield code="a">Arsenal</marc:subfield>
   </marc:datafield>
   <marc:datafield ind1=" " ind2=" " tag="653">
      <marc:subfield code="a">London</marc:subfield>
   </marc:datafield>
   <marc:datafield ind1=" " ind2=" " tag="653">
      <marc:subfield code="a">Stadion</marc:subfield>
   </marc:datafield>
   <marc:datafield ind1="0" ind2="0" tag="245">
      <marc:subfield code="a">Ballfieber</marc:subfield>
   </marc:datafield>
   <marc:datafield ind1="0" ind2="0" tag="245">
      <marc:subfield code="b">in Einfacher Sprache</marc:subfield>
   </marc:datafield>
   <marc:datafield ind1="0" ind2="0" tag="245">
      <marc:subfield code="c">Hornby, Nick</marc:subfield>
   </marc:datafield>
   <marc:datafield ind1=" " ind2="1" tag="264">
      <marc:subfield code="a">Münster</marc:subfield>
      <marc:subfield code="b">Spaß-am-Lesen-Verl.</marc:subfield>
      <marc:subfield code="c">2014</marc:subfield>
   </marc:datafield>
   <marc:datafield ind1="1" ind2=" " tag="490">
      <marc:subfield code="a">Lesen für alle</marc:subfield>
   </marc:datafield>
   <marc:datafield ind1="1" ind2=" " tag="520">
      <marc:subfield code="a">Nick ist verrückt nach Fußball. Mit elf Jahren ging er zum ersten Mal zu einem Fußball-Spiel. Seitdem ist Fußball das Wichtigste in seinem Leben. Wichtiger als Arbeit oder Freunde. Er ist ein großer Fan vom Londoner Club Arsenal. Und obwohl Fußball nicht nur gute Seiten hat – ein großer Fan wird Nick immer bleiben. Ball-Fieber ist ein erstaunliches Buch über Fußball.Nicht nur für Fußballfans.  Das Stadion war voll. Es war laut. Plötzlich wurde meine Freundin bewusstlos. Ihre Freundin brachte sie zu einer Erste-Hilfe-Station. Und ich? Ich machte gar nichts. Ich betete, dass wir noch ein Tor schießen. Das Beten half. Ein paar Minuten später stand es 1:1.  Nick Hornby (1957) ist ein britischer Schriftsteller. In Ball-Fieber erzählt er über sein eigenes Leben als Fußball-Fan. Es war sein erstes Buch. Die Original-Fassung (Fever Pitch) erschien 1992. Danach hat er noch andere erfolgreiche Bücher geschrieben. Ball-Fieber gibt es auch als Film.</marc:subfield>
   </marc:datafield>
   <marc:datafield ind1=" " ind2=" " tag="020">
      <marc:subfield code="a">9783944668093</marc:subfield>
      <marc:subfield code="9">9783944668093</marc:subfield>
   </marc:datafield>
   <marc:datafield ind1=" " ind2=" " tag="041">
      <marc:subfield code="a">ger</marc:subfield>
   </marc:datafield>
   <marc:datafield ind1=" " ind2=" " tag="338">
      <marc:subfield code="a">Band</marc:subfield>
   </marc:datafield>
   <marc:datafield ind1=" " ind2=" " tag="300">
      <marc:subfield code="a">118 S.</marc:subfield>
   </marc:datafield>
</marc:record>
